50 größte Städte im Rhein-Main Gebiet - Statistiken

Allgemein
  • Dieses Quiz wurde 331 mal gespielt
  • Das Durchschnittsergebnis liegt bei 21 aus 50
Antwortstatistiken
Einwohner Antwort % Korrekt
763.500 Frankfurt am Main
99%
278.000 Wiesbaden
98%
218.500 Mainz
97%
160.000 Darmstadt
91%
130.000 Offenbach
90%
96.500 Hanau
84%
66.000 Rüsselsheim
71%
90.000 Gießen
61%
54.000 Bad Homburg
57%
71.000 Aschaffenburg
52%
68.500 Fulda
52%
24.500 Bingen am Rhein
50%
83.500 Worms
50%
25.500 Groß-Gerau
49%
35.500 Limburg an der Lahn
48%
39.600 Hofheim am Taunus
45%
38.500 Langen
45%
38.000 Neu-Isenburg
45%
42.000 Dreieich
42%
29.200 Friedberg (Hessen)
40%
46.500 Oberursel
40%
45.500 Rodgau
40%
33.900 Bad Vilbel
37%
41.000 Bensheim
36%
35.200 Ingelheim am Rhein
34%
39.500 Maintal
34%
32.200 Bad Nauheim
33%
34.000 Dietzenbach
33%
26.100 Heppenheim
30%
35.000 Mörfelden-Walldorf
30%
23.000 Gelnhausen
29%
27.600 Hattersheim am Main
29%
22.700 Bad Soden am Taunus
28%
25.100 Pfungstadt
28%
30.000 Taunusstein
27%
26.200 Butzbach
26%
24.900 Idstein
26%
29.000 Kelkheim
26%
28.000 Rödermark
24%
26.000 Weiterstadt
24%
28.500 Mühlheim am Main
23%
25.200 Friedrichsdorf
20%
32.500 Lampertheim
20%
25.000 Obertshausen
20%
24.000 Riedstadt
19%
34.300 Viernheim
19%
22.000 Flörsheim am Main
18%
27.500 Griesheim
17%
22.500 Karben
15%
22.400 Büdingen
14%
Keine übereinstimmenden Quizze gefunden
Verteilung der Resultate
Anzahl Personen mit jedem Resultat
Perzentil nach korrekt beantworteten Fragen
Ihre Resultats-Entwicklung
Sie haben dieses Quiz noch nicht gespielt